| 000 | 00586nam a22001337a 4500 | ||
|---|---|---|---|
| 040 | _cRAU | ||
| 082 | _aAGR MOE 2105 B521 Or. | ||
| 100 | _aMOEURN MESA; មឿន មេសា | ||
| 245 | _aOrange production situation in Phnom Kravanh district, Pursat province; ស្ថានភាពផលិតកម្មកូនក្រូចពោធិ៍សាត់នៅក្នុងស្រុកភ្នំក្រវាញ ខេត្តពោធិ៍សាត់ | ||
| 260 |
_aPhnom penh _bRUA _c2015 |
||
| 300 |
_ax; 50p; _bill; _c29cm; |
||
| 856 | _uMOEURN MESA | ||
| 942 | _cAGR | ||
| 999 |
_c10723 _d10723 |
||